Taylor Swift - Compléter le refrain de willow - Statistiques

Statistiques générales
  • Ce quiz a été pris 52 fois
  • Le résultat moyen est 5 sur 6
Statistiques - réponses
Question Réponse % Correct
The more that you say, the *** I know less
100%
I'm begging for you to take my hand. Wreck my ***, that's my man plans
100%
You know that my *** could take you home train
91%
I'm begging for you to take my hand. *** my plans, that's my man Wreck
84%
Anywhere else is *** hollow
78%
Wherever you ***, I follow stray
69%
Aucun quiz correspondant
Distribution des résultats
% des personnes avec chaque résultat
Percentile par nombre de réponses
Votre historique - résultats
Vous n’avez pas pris ce quiz